NLSUI OPAC header image

The conservative sensibility / (Record no. 212779)

MARC details
000 -LEADER
fixed length control field 01790cim a2200277 i 4500
001 - CONTROL NUMBER
control field 23316244
005 - DATE AND TIME OF LATEST TRANSACTION
control field 20240920122106.0
008 - FIXED-LENGTH DATA ELEMENTS--GENERAL INFORMATION
fixed length control field 240920b |||||||| |||| 00| 0 eng d
010 ## - LIBRARY OF CONGRESS CONTROL NUMBER
LC control number 2023623403
020 ## - INTERNATIONAL STANDARD BOOK NUMBER
International Standard Book Number 9780316480949 (Paperback)
035 ## - SYSTEM CONTROL NUMBER
System control number (OCoLC)on1100792109
040 ## - CATALOGING SOURCE
Original cataloging agency TEFMT
Language of cataloging eng
Description conventions rda
Transcribing agency TEFMT
Modifying agency OCLCO
-- TEF
-- IEP
-- OCLCF
-- RECBC
-- TOH
-- QT4
-- OCLCQ
-- OCLCO
-- JTA
-- DLC
082 04 - DEWEY DECIMAL CLASSIFICATION NUMBER
Classification number 320.520973
Edition number 23
100 1# - MAIN ENTRY--PERSONAL NAME
Personal name Will, George F.,
Relator term author.
245 14 - TITLE STATEMENT
Title The conservative sensibility /
Statement of responsibility, etc. George F. Will.
264 #1 - PRODUCTION, PUBLICATION, DISTRIBUTION, MANUFACTURE, AND COPYRIGHT NOTICE
Place of production, publication, distribution, manufacture New York, NY :
Name of producer, publisher, distributor, manufacturer Hachette books
Date of production, publication, distribution, manufacture, or copyright notice [2019]
264 #4 - PRODUCTION, PUBLICATION, DISTRIBUTION, MANUFACTURE, AND COPYRIGHT NOTICE
Date of production, publication, distribution, manufacture, or copyright notice ℗2019
300 ## - PHYSICAL DESCRIPTION
Extent xxxix, 600 pages
Dimensions 24 cm
365 ## - TRADE PRICE
Price amount Rs. 1083.00
505 0# - FORMATTED CONTENTS NOTE
Formatted contents note The founders' epistemological assertion : they knew what can be known -- The progressives' revision : an emancipation (from natural rights) proclamation -- Progressivism's institutional consequences : the presidency triumphant, the administrative state rampant, Congress dormant -- The judicial supervision of democracy : difficulties with the "counter-majoritarian difficulty" -- Political economy : rescuing the great enrichment from the fatal conceit -- Culture and opportunity : the scissors that shredded old convictions -- The aims of education : talents for praising and for pessimism -- Going abroad : a creedal nation in a world on probation -- Welcoming whirl : conservatism without theism -- Borne back : the quest for a useable past.
520 ## - SUMMARY, ETC.
Summary, etc. Outlines revolutionary perspectives on American conservatism that reveal how the Founders' beliefs in natural rights established a political tradition under threat in today's world.
650 #0 - SUBJECT ADDED ENTRY--TOPICAL TERM
Topical term or geographic name entry element Conservatism
Geographic subdivision United States
General subdivision History.
651 #0 - SUBJECT ADDED ENTRY--GEOGRAPHIC NAME
Geographic name United States
General subdivision Politics and government.
700 1# - ADDED ENTRY--PERSONAL NAME
Personal name Ganim, Peter,
Relator term narrator.
942 ## - ADDED ENTRY ELEMENTS (KOHA)
Source of classification or shelving scheme Dewey Decimal Classification
Koha item type BOOKs
Holdings
Withdrawn status Lost status Source of classification or shelving scheme Materials specified (bound volume or other part) Damaged status Not for loan Home library Current library Shelving location Date acquired Source of acquisition Cost, normal purchase price Total Checkouts Full call number Barcode Date last seen Price effective from Koha item type Public note
    Dewey Decimal Classification PB     . . General Stacks 20.09.2024 Purchased - Amazon.in 1083.00   320.520973 WIL 39815 20.09.2024 20.09.2024 BOOKs Recommended by Prof. Dr. Arun K Thiruvengadam